| 000 | 01350nam a22002297a 4500 | ||
|---|---|---|---|
| 005 | 20140310183630.0 | ||
| 008 | 131116b xxu||||| |||| 00| 0 eng d | ||
| 020 | _a9780240817248 | ||
| 050 |
_aNC 1765 _b.G59 2013 |
||
| 100 | _aGlebas, Francis. | ||
| 245 |
_aThe animator's eye : _badding life to animation with timing, layout, design, color and sound / _cFrancis Glebas. |
||
| 260 |
_aBurlington, MA : _bFocal Press, _c2013. |
||
| 300 |
_axi, 289 p. : _bill., col. ; _c22 cm. |
||
| 501 | _aMachine generated contents note: Chapter 1: Introduction Chapter 2: Mad Science or Magic? Chapter 3: That Reminds Me of a Story Chapter 4: Why Do We Animate? Chapter 5: Seeing Shapes Drawing Lines Chapter 6: The Laws of Animation Chapter 7: It's Alive! Animating Inner Life Chapter 8: Creating Worlds Chapter 9: Putting It Together in Post Chapter 10: The Evolution of the Animator's Eye Chapter 11: Production: Now We're Cooking! Chapter 12: Who Let These Two in Here? The Evolution of Ig and Bunny Chapter 13: Conclusion: How I Got Eye. Some online versions lack accompanying media packaged with the printed version. | ||
| 504 | _aIncludes Bibliographic References and Index | ||
| 521 | _aMA | ||
| 650 | _aAnimated films. | ||
| 650 | _aAnimation (Cinematography) | ||
| 650 | _aART / Film & Video | ||
| 942 |
_2lcc _cBK _kFOR |
||
| 999 |
_c25592 _d25592 |
||